[Event "XIX Corsicoscacchi Magistrale"]
[Site "Corsico ITA"]
[Date "1999.10.02"]
[Round "1"]
[White "Pace, Pietro Dario"]
[Black "Mazzini, Antonio"]
[Result "1-0"]
[WhiteElo "1879"]
[BlackElo "2140"]
[PlyCount "71"]
[EventDate "1999.10.02"]

1.e4 c5 2.Nf3 d6 3.d4 cxd4 4.Nxd4 Nf6 5.Nc3 a6 6.Bc4 e6 7.Be3 Nbd7 8.f3 
Ne5 9.Bb3 Bd7 10.Qe2 Rc8 11.O-O-O Qc7 12.Kb1 Be7 13.g4 Nc4 14.Bc1 b5 15.g5
Nh5 16.f4 g6 17.f5 b4 18.Nd5 exd5 19.f6 Nxf6 20.gxf6 Bxf6 21.exd5+ Be5 22.
Bh6 Rg8 23.Bf4 a5 24.Nc6 Bxc6 25.Bxc4 Ba4 26.b3 f6 27.Bxe5 fxe5 28.Ba6 Bd7
29.Bxc8 Bxc8 30.Qe3 Bf5 31.Rd2 Kf7 32.Qh6 Qc3 33.Rf2 a4 34.Rxf5+ gxf5 35.
Qe6+ Kf8 36.Qxd6+ 1-0

[Event "XIX Corsicoscacchi Magistrale"]
[Site "Corsico ITA"]
[Date "1999.10.02"]
[Round "1"]
[White "Sbarra, Marco"]
[Black "Lapiccirella, Mattia"]
[Result "1/2-1/2"]
[WhiteElo "2294"]
[BlackElo "2124"]
[PlyCount "50"]
[EventDate "1999.10.02"]

1.d4 Nf6 2.c4 g6 3.Nc3 Bg7 4.e4 d6 5.Nf3 O-O 6.Be2 e5 7.d5 Nbd7 8.Bg5 h6 
9.Bh4 g5 10.Bg3 Nh5 11.h4 Nf4 12.hxg5 hxg5 13.Qc2 Nxg2+ 14.Kd2 g4 15.Rag1 
gxf3 16.Bxf3 Qg5+ 17.Ke2 Nf4+ 18.Bxf4 Qxf4 19.Rg4 Qf6 20.Qc1 Nc5 21.Rg2 
Nd3 22.Rxg7+ Kxg7 23.Rg1+ Kh7 24.Rh1+ Kg7 25.Rg1+ Kh7 1/2-1/2

[Event "XIX Corsicoscacchi Magistrale"]
[Site "Corsico ITA"]
[Date "1999.10.02"]
[Round "2"]
[White "Barlocco, Carlo"]
[Black "Barberi, Alessandro"]
[Result "1-0"]
[WhiteElo "2161"]
[BlackElo "2180"]
[PlyCount "53"]
[EventDate "1999.10.02"]

1.d4 Nf6 2.c4 c5 3.e3 g6 4.Nc3 Bg7 5.Nf3 O-O 6.Be2 cxd4 7.exd4 d5 8.c5 Nc6
9.O-O b6 10.Bb5 Bb7 11.Bxc6 Bxc6 12.Ne5 Qc7 13.b4 bxc5 14.bxc5 Rab8 15.Bf4
Rb2 16.Nxg6 Qb7 17.Nxf8 Kxf8 18.Rb1 Nd7 19.Qd3 e5 20.Rxb2 Qxb2 21.Rb1 e4 
22.Bd6+ Kg8 23.Rxb2 exd3 24.Rd2 Bxd4 25.Rxd3 Bxc5 26.Bxc5 Nxc5 27.Rd1 1-0

[Event "XIX Corsicoscacchi Magistrale"]
[Site "Corsico ITA"]
[Date "1999.10.02"]
[Round "2"]
[White "Cazzaniga, Walter"]
[Black "Drabke, Lorenz Maximilian"]
[Result "1/2-1/2"]
[WhiteElo "2153"]
[BlackElo "2102"]
[PlyCount "94"]
[EventDate "1999.10.02"]

1.d4 g6 2.Nf3 Bg7 3.c4 c5 4.d5 d6 5.Nc3 Nf6 6.e4 O-O 7.Bd3 e6 8.h3 Na6 9.
O-O Nc7 10.a4 Nd7 11.Bg5 Bf6 12.Bf4 e5 13.Be3 a5 14.Qd2 Bg7 15.Nh2 Nf6 16.
Be2 Nce8 17.Rae1 b6 18.f4 exf4 19.Bxf4 Nd7 20.Nf3 f6 21.Nb5 Ne5 22.b3 Nf7 
23.Nh2 Nc7 24.Nxc7 Qxc7 25.Bg4 Bxg4 26.Nxg4 Qe7 27.Nf2 Rae8 28.Ng4 Qd8 29.
Kh1 Qe7 30.Qf2 h5 31.Nh2 Kh7 32.Nf3 Bh6 33.Bxh6 Nxh6 34.Qg3 Nf7 35.Qh4 Kg7
36.Qg3 Kh7 37.Nh4 Ne5 38.Rf2 Qg7 39.Ref1 Rf7 40.Re2 Rff8 41.Ref2 Rf7 42.
Nf3 Nxf3 43.Rxf3 Re5 44.Rf4 Qf8 45.Qf3 Kg7 46.g4 g5 47.Rf5 h4 1/2-1/2

[Event "XIX Corsicoscacchi Magistrale"]
[Site "Corsico ITA"]
[Date "1999.10.02"]
[Round "2"]
[White "Everet, Alexandro"]
[Black "Galli, Fabio"]
[Result "1/2-1/2"]
[WhiteElo "2294"]
[BlackElo "2158"]
[PlyCount "68"]
[EventDate "1999.10.02"]

1.d4 d6 2.c4 e5 3.d5 f5 4.Nc3 Nf6 5.Qc2 Be7 6.Nf3 c6 7.h3 cxd5 8.cxd5 Na6 
9.g4 Qa5 10.Bd2 Nxd5 11.e4 Ndb4 12.Qb3 Nc5 13.Bb5+ Qxb5 14.Nxb5 Nxb3 15.
axb3 Nc2+ 16.Ke2 Nxa1 17.Rxa1 O-O 18.gxf5 Bd7 19.Nc7 Rac8 20.Nd5 Rfe8 21.
Rg1 Kh8 22.Bc3 Bc6 23.Nxe7 Rxe7 24.Ke3 g6 25.Nh4 Rg8 26.fxg6 hxg6 27.f4 
Kh7 28.fxe5 dxe5 29.Nf3 Rd8 30.Rg4 Rde8 31.Bb4 Rd7 32.Bc3 Rde7 33.Bb4 Rd7 
34.Bc3 Rde7 1/2-1/2

[Event "XIX Corsicoscacchi Magistrale"]
[Site "Corsico ITA"]
[Date "1999.10.02"]
[Round "2"]
[White "La Torre, Giovanni"]
[Black "Crippa, Gabriele"]
[Result "0-1"]
[WhiteElo "1902"]
[BlackElo "2149"]
[PlyCount "92"]
[EventDate "1999.10.02"]

1.e4 e6 2.d4 d5 3.e5 c5 4.c3 Qb6 5.Nf3 Bd7 6.Bd3 Bb5 7.dxc5 Bxc5 8.O-O Nc6
9.Re1 Bxf2+ 10.Kh1 Bxe1 11.Bxb5 Qxb5 12.Qxe1 Nge7 13.Na3 Qb6 14.Qe2 a6 15.
Be3 Qc7 16.Rf1 O-O 17.Bc5 Nxe5 18.Nxe5 Qxc5 19.Nd7 Qd6 20.Nxf8 Rxf8 21.Nc2
Nc6 22.Qf2 Ne5 23.Qd4 f5 24.Ne3 Ng4 25.g3 Qe5 26.Qxe5 Nxe5 27.Re1 Nd3 28.
Re2 f4 29.gxf4 Rxf4 30.Rd2 Nc5 31.Kg1 Kf7 32.Kg2 h5 33.h3 g5 34.Re2 Nd3 
35.Nf1 Ra4 36.Rd2 Nf4+ 37.Kg3 h4+ 38.Kh2 Re4 39.Rf2 e5 40.Nd2 Re3 41.Nf3 
Kg6 42.Ng1 e4 43.Rd2 Re1 44.a4 e3 45.Rc2 e2 46.Nf3 Rf1 0-1

[Event "XIX Corsicoscacchi Magistrale"]
[Site "Corsico ITA"]
[Date "1999.10.02"]
[Round "2"]
[White "Lapiccirella, Daniele"]
[Black "Natalucci, Fabrizio"]
[Result "1/2-1/2"]
[WhiteElo "1891"]
[BlackElo "2196"]
[PlyCount "51"]
[EventDate "1999.10.02"]

1.d4 d5 2.c4 e6 3.Nf3 f5 4.g3 Nf6 5.Bg2 Bd6 6.O-O O-O 7.Nbd2 c6 8.b3 Bd7 
9.Bb2 Be8 10.Ne5 Nbd7 11.Ndf3 Bh5 12.Nd3 Ne4 13.Nfe5 Nxe5 14.dxe5 Be7 15.
Nf4 Bf7 16.f3 Nc5 17.cxd5 cxd5 18.Nd3 g5 19.Nxc5 Bxc5+ 20.Bd4 Qb6 21.e3 f4
22.Bxc5 Qxc5 23.Qd4 Qxd4 24.exd4 Rac8 25.gxf4 gxf4 26.Rfc1 1/2-1/2

[Event "XIX Corsicoscacchi Magistrale"]
[Site "Corsico ITA"]
[Date "1999.10.02"]
[Round "2"]
[White "Lapiccirella, Mattia"]
[Black "Leoni, Fabrizio"]
[Result "1-0"]
[WhiteElo "2124"]
[BlackElo "1905"]
[PlyCount "137"]
[EventDate "1999.10.02"]

1.d4 Nf6 2.c4 g6 3.Nc3 Bg7 4.e4 d6 5.Be2 O-O 6.Nf3 Nbd7 7.O-O e5 8.d5 Ne8 
9.Ne1 f5 10.exf5 gxf5 11.f4 e4 12.Be3 Qf6 13.Nc2 Nc5 14.Bd4 Qe7 15.b4 Na6 
16.a3 Nf6 17.Ne3 Bd7 18.Rc1 Ne8 19.Kh1 Bxd4 20.Qxd4 Qf6 21.Qd2 Nb8 22.c5 
a5 23.g4 axb4 24.axb4 Ng7 25.gxf5 Bxf5 26.Nb5 Na6 27.Nd4 Kh8 28.Nexf5 Nxf5
29.Nxf5 Qxf5 30.cxd6 cxd6 31.Qd4+ Qf6 32.Qb6 Rab8 33.Rc4 Qe7 34.Qd4+ Qf6 
35.Qxf6+ Rxf6 36.Rxe4 Rbf8 37.Bxa6 bxa6 38.Kg2 Rf5 39.Rd4 Rb8 40.Kf3 Rb5 
41.Ke4 Rh5 42.Rf2 Kg7 43.Ra2 Rb6 44.Rc2 Kf7 45.Rc6 Rxc6 46.dxc6 Ke7 47.Rd2
Rb5 48.Rd4 Rh5 49.c7 Kd7 50.Rxd6+ Kxc7 51.Rxa6 Rxh2 52.Kf5 Rb2 53.Ra7+ Kc6
54.Rxh7 Rxb4 55.Re7 Kd6 56.Re2 Rb1 57.Kf6 Rg1 58.Rd2+ Kc7 59.f5 Rg3 60.Kf7
Rg4 61.f6 Rf4 62.Ke7 Re4+ 63.Kf8 Re3 64.f7 Rf3 65.Rd4 Rf1 66.Ke7 Re1+ 67.
Kf6 Rf1+ 68.Ke6 Kc8 69.Rd5 1-0

[Event "XIX Corsicoscacchi Magistrale"]
[Site "Corsico ITA"]
[Date "1999.10.02"]
[Round "2"]
[White "Mascheroni, Maurizio"]
[Black "Sbarra, Marco"]
[Result "0-1"]
[WhiteElo "2067"]
[BlackElo "2294"]
[PlyCount "66"]
[EventDate "1999.10.02"]

1.e4 c5 2.c3 e6 3.d4 d5 4.e5 Nc6 5.Bb5 Qb6 6.Bxc6+ bxc6 7.Ne2 Nh6 8.O-O 
Nf5 9.dxc5 Bxc5 10.Ng3 Nxg3 11.hxg3 a5 12.Qf3 O-O 13.Be3 f6 14.Bxc5 Qxc5 
15.exf6 Rxf6 16.Qe3 Qxe3 17.fxe3 Rg6 18.Kh2 Ba6 19.Rf2 Rb8 20.b3 e5 21.Nd2
Bd3 22.Re1 Rf6 23.Rxf6 gxf6 24.e4 Kf7 25.Re3 Ba6 26.Nf3 Rg8 27.Nd2 Rg4 28.
c4 d4 29.Re2 c5 30.Nf3 Bb7 31.Nd2 f5 32.Rf2 Bxe4 33.Nxe4 Rxe4 0-1

[Event "XIX Corsicoscacchi Magistrale"]
[Site "Corsico ITA"]
[Date "1999.10.02"]
[Round "2"]
[White "Mazzini, Antonio"]
[Black "Bonanno, Alessandro"]
[Result "0-1"]
[WhiteElo "2140"]
[BlackElo "2041"]
[PlyCount "82"]
[EventDate "1999.10.02"]

1.d4 Nf6 2.Nf3 g6 3.c4 Bg7 4.Nc3 O-O 5.g3 d6 6.Bg2 Nc6 7.O-O Rb8 8.d5 Na5 
9.Qd3 c5 10.Nd2 a6 11.a4 Ng4 12.e4 e6 13.Nf3 Nb3 14.Ra3 Nxc1 15.Rxc1 exd5 
16.Qxd5 Be6 17.Qd3 Qb6 18.Nd1 Ne5 19.Nxe5 Bxe5 20.b3 Qb4 21.Ra2 b5 22.axb5
axb5 23.Ne3 bxc4 24.bxc4 Qb3 25.Qxb3 Rxb3 26.Kf1 Rfb8 27.Ke2 R8b4 28.Rac2 
Rb2 29.Kd1 Bd4 30.Rxb2 Rxb2 31.Rc2 Rxc2 32.Nxc2 Bxf2 33.Bf1 Bg1 34.h3 h5 
35.Ke1 Kg7 36.Na3 Kf6 37.Ke2 Ke5 38.Kf3 Bd4 39.Nb5 Bd7 40.Nc7 Ba4 41.Be2 
Bc2 0-1

[Event "XIX Corsicoscacchi Magistrale"]
[Site "Corsico ITA"]
[Date "1999.10.02"]
[Round "2"]
[White "Pulito, Alberto"]
[Black "Giordani, Marco"]
[Result "0-1"]
[WhiteElo "2097"]
[BlackElo "2016"]
[PlyCount "136"]
[EventDate "1999.10.02"]

1.e4 Nf6 2.e5 Nd5 3.c4 Nb6 4.d4 d6 5.exd6 exd6 6.Nf3 Bg4 7.Be2 Be7 8.O-O 
O-O 9.Nc3 a6 10.b3 d5 11.c5 Nc8 12.Bf4 Nc6 13.Ne5 Bxe2 14.Nxe2 Nxe5 15.
Bxe5 Re8 16.b4 Na7 17.Qd2 Nc6 18.Bf4 Bf6 19.Be3 Qd7 20.Ng3 g6 21.Rfd1 Re6 
22.a4 Rae8 23.Rdb1 h5 24.b5 Ne7 25.Bg5 h4 26.Bxf6 hxg3 27.Be5 gxh2+ 28.
Bxh2 Nf5 29.bxa6 bxa6 30.Rb7 Re2 31.Qc3 Qxa4 32.Kf1 Qxd4 33.Qxd4 Nxd4 34.
g4 Rc2 35.Rxc7 Ne6 36.Rc6 Rxc5 37.Raxa6 Rd8 38.Rd6 Rxd6 39.Rxd6 d4 40.Kg2 
Kg7 41.Kf3 Kf6 42.Ke4 Ke7 43.Rxd4 Nxd4 44.Kxd4 Rg5 45.f3 Ra5 46.Bc7 Ra3 
47.Ke4 Ke6 48.Kf4 Rc3 49.Bb8 Kd5 50.Ba7 Ra3 51.Bb6 Ra6 52.Bd8 Rd6 53.Be7 
Rd7 54.Bf6 Ke6 55.Bc3 Rd3 56.Bg7 f6 57.Ke4 Rd7 58.Bh6 Ra7 59.Kf4 Ra4+ 60.
Kg3 f5 61.f4 Ra1 62.Bg7 Rg1+ 63.Kf3 Rxg4 64.Bh6 Rh4 65.Bg5 Rh3+ 66.Kg2 Rd3
67.Kf2 Kd5 68.Bh6 Ke4 0-1

[Event "XIX Corsicoscacchi Magistrale"]
[Site "Corsico ITA"]
[Date "1999.10.02"]
[Round "2"]
[White "Salami, Marco"]
[Black "Pace, Roberto"]
[Result "0-1"]
[WhiteElo "2227"]
[BlackElo "2050"]
[PlyCount "122"]
[EventDate "1999.10.02"]

1.e4 e5 2.f4 d5 3.exd5 exf4 4.Nf3 Be7 5.Bc4 Nf6 6.Nc3 O-O 7.O-O Nbd7 8.Bb3
Nb6 9.Ne5 Nbxd5 10.Nxd5 Nxd5 11.c4 Bd6 12.Nf3 Ne7 13.d4 c6 14.Ng5 h6 15.
Ne4 Ng6 16.Bd2 Bc7 17.Bc3 Qh4 18.Be1 Qe7 19.Nf2 Bf5 20.Bc3 Qg5 21.Kh1 Rfe8
22.Bc2 f3 23.g3 Re2 24.Bxf5 Qxf5 25.Qd3 Qh5 26.Kg1 Rae8 27.Rae1 R8e3 28.
Qxe3 Rxe3 29.Rxe3 Nf4 30.gxf4 Qg6+ 31.Ng4 Qxg4+ 32.Kf2 Qg2+ 33.Ke1 Qxh2 
34.Rexf3 Qc2 35.a3 Bb6 36.c5 Bd8 37.Rh3 Bf6 38.Rff3 Qe4+ 39.Re3 Qxf4 40.
Rhf3 Qh4+ 41.Ke2 Bxd4 42.Bxd4 Qxd4 43.Rc3 f5 44.Rfd3 Qf6 45.Rd6 Qf7 46.b4 
f4 47.Rcd3 Qf5 48.Rd7 b6 49.cxb6 axb6 50.Rb7 c5 51.Rdd7 Qe5+ 52.Kf3 cxb4 
53.axb4 h5 54.Re7 Qg5 55.Rxg7+ Qxg7 56.Rxg7+ Kxg7 57.Kxf4 Kg6 58.Ke5 b5 
59.Ke4 Kf6 60.Kf4 Ke6 61.Kg5 Kd5 0-1

[Event "XIX Corsicoscacchi Magistrale"]
[Site "Corsico ITA"]
[Date "1999.10.02"]
[Round "2"]
[White "Ubezio, Marco"]
[Black "Pace, Pietro Dario"]
[Result "1-0"]
[WhiteElo "2196"]
[BlackElo "1879"]
[PlyCount "47"]
[EventDate "1999.10.02"]

1.d4 Nf6 2.Bg5 Ne4 3.Bf4 d5 4.e3 c5 5.Bd3 Nc6 6.Bxe4 dxe4 7.d5 Nb4 8.Nc3 
Bf5 9.a3 Na6 10.Nge2 Qd7 11.Ng3 Bg4 12.Qd2 h6 13.Ngxe4 Qd8 14.Qd3 Bd7 15.
d6 e6 16.O-O-O Qa5 17.Nd2 b5 18.Qe4 Rb8 19.Nb3 Qd8 20.Nd5 Ra8 21.Nc7+ Nxc7
22.dxc7 Qc8 23.Rxd7 Kxd7 24.Rd1+ 1-0

[Event "XIX Corsicoscacchi Magistrale"]
[Site "Corsico ITA"]
[Date "1999.10.03"]
[Round "3"]
[White "Barberi, Alessandro"]
[Black "Giordani, Marco"]
[Result "1-0"]
[WhiteElo "2180"]
[BlackElo "2016"]
[PlyCount "93"]
[EventDate "1999.10.02"]

1.d4 e6 2.c4 Nf6 3.Nf3 b6 4.e3 Bb7 5.Bd3 d5 6.Nbd2 Nbd7 7.b3 c5 8.Bb2 Bd6 
9.Ne5 Qc7 10.f4 Ne4 11.cxd5 exd5 12.Nxe4 dxe4 13.Bc4 O-O 14.Nxd7 Qxd7 15.
dxc5 bxc5 16.Qh5 Rfd8 17.O-O-O Qc7 18.Rxd6 Rxd6 19.Qe5 Kf8 20.Qxg7+ Ke8 
21.Qg8+ Kd7 22.Qxf7+ Kc6 23.Qxc7+ Kxc7 24.Be5 Re8 25.Bxd6+ Kxd6 26.Rd1+ 
Kc7 27.Rd2 a5 28.a4 Re7 29.Kd1 Rg7 30.Ke1 h5 31.Kf2 h4 32.Be2 Rg6 33.g4 
Rb6 34.Bc4 Bc8 35.Rd5 Bxg4 36.Rxc5+ Kd7 37.Rxa5 Bf3 38.Rg5 Ke7 39.a5 Rd6 
40.Bd5 Kf6 41.Ke1 Rd8 42.Kd2 Ke7 43.Kc3 Rc8+ 44.Bc4 Rd8 45.a6 Rd1 46.Kb4 
Ra1 47.Ra5 1-0

[Event "XIX Corsicoscacchi Magistrale"]
[Site "Corsico ITA"]
[Date "1999.10.03"]
[Round "3"]
[White "Barlocco, Carlo"]
[Black "Ubezio, Marco"]
[Result "1/2-1/2"]
[WhiteElo "2161"]
[BlackElo "2196"]
[PlyCount "105"]
[EventDate "1999.10.02"]

1.d4 Nf6 2.Nf3 c5 3.g3 cxd4 4.Nxd4 Qa5+ 5.Nc3 Ne4 6.Bg2 Nxc3 7.Qd2 Nc6 8.
Qxc3 Qxc3+ 9.bxc3 g6 10.Ba3 Bg7 11.O-O-O O-O 12.e3 Nxd4 13.cxd4 d6 14.c4 
Be6 15.c5 Rac8 16.Kd2 dxc5 17.Bxc5 Rc7 18.Rc1 b6 19.Bb4 Rfc8 20.Rxc7 Rxc7 
21.Rc1 Rxc1 22.Kxc1 Bf8 23.Kb2 a5 24.Bd2 Bc4 25.a4 e6 26.Bc6 Bd6 27.e4 e5 
28.dxe5 Bxe5+ 29.Bc3 Bd6 30.Bd4 Bc5 31.Kc3 Be6 32.Bxc5 bxc5 33.f4 Kg7 34.
g4 Kf6 35.e5+ Ke7 36.h3 f6 37.exf6+ Kxf6 38.Be4 Bd7 39.Bc2 Be6 40.Bb3 Bd7 
41.Bc2 Be6 42.f5 gxf5 43.gxf5 Bf7 44.Bd3 Bd5 45.h4 h6 46.Bc2 Ke5 47.Bd3 
Bb7 48.Bb5 Kxf5 49.Kc4 Kg4 50.Kxc5 Kxh4 51.Kb6 Bf3 52.Kxa5 Kg3 53.Be8 
1/2-1/2

[Event "XIX Corsicoscacchi Magistrale"]
[Site "Corsico ITA"]
[Date "1999.10.03"]
[Round "3"]
[White "Crippa, Gabriele"]
[Black "Everet, Alexandro"]
[Result "0-1"]
[WhiteElo "2149"]
[BlackElo "2294"]
[PlyCount "80"]
[EventDate "1999.10.02"]

1.d4 Nf6 2.Nf3 g6 3.Bg5 Bg7 4.Nbd2 d6 5.e4 O-O 6.c3 h6 7.Bh4 c6 8.a4 Qc7 
9.Bd3 e5 10.dxe5 dxe5 11.O-O Nh5 12.Re1 Be6 13.Bc4 Nf4 14.Bxe6 Nxe6 15.Nc4
f6 16.Qd6 Qf7 17.Qa3 Na6 18.Nd6 Qc7 19.Rad1 Rfd8 20.Nc4 Nac5 21.Qa2 Rxd1 
22.Rxd1 Rd8 23.Rxd8+ Qxd8 24.Ne3 Qd7 25.Qb1 Nxa4 26.Qc2 b5 27.Ne1 Kf7 28.
f3 Bf8 29.Kf1 h5 30.b3 Nac5 31.Bf2 a5 32.g4 hxg4 33.Nxg4 Ng5 34.Kg2 Ncxe4 
35.Nd3 Nxf3 36.Ndxe5+ Nxe5 37.Nxe5+ fxe5 38.Qxe4 Qd5 39.Kf3 Ba3 40.Bg3 Ke6
0-1

[Event "XIX Corsicoscacchi Magistrale"]
[Site "Corsico ITA"]
[Date "1999.10.03"]
[Round "3"]
[White "Drabke, Lorenz Maximilian"]
[Black "Lapiccirella, Daniele"]
[Result "1-0"]
[WhiteElo "2102"]
[BlackElo "1891"]
[PlyCount "51"]
[EventDate "1999.10.02"]

1.e4 c5 2.Nf3 e6 3.d4 cxd4 4.Nxd4 Nc6 5.Nb5 d6 6.Bf4 e5 7.Be3 Nf6 8.Bg5 
Be6 9.Nd2 a6 10.Bxf6 gxf6 11.Nc3 f5 12.Bc4 Bxc4 13.Nxc4 fxe4 14.Nxe4 d5 
15.Qxd5 Qxd5 16.Nf6+ Kd8 17.Nxd5 b5 18.Nce3 Bc5 19.Rd1 Kc8 20.c3 Kb7 21.
Nf6 Bxe3 22.Rd7+ Kc8 23.fxe3 Ra7 24.Rxa7 Nxa7 25.O-O Nc6 26.Ne4 1-0

[Event "XIX Corsicoscacchi Magistrale"]
[Site "Corsico ITA"]
[Date "1999.10.03"]
[Round "3"]
[White "Fadali, Mustafa"]
[Black "Cazzaniga, Walter"]
[Result "1/2-1/2"]
[WhiteElo "1930"]
[BlackElo "2153"]
[PlyCount "68"]
[EventDate "1999.10.02"]

1.e4 e6 2.d4 d5 3.Nd2 Nc6 4.c3 e5 5.c4 dxe4 6.d5 Nd4 7.Nxe4 Bf5 8.Bd3 Bxe4
9.Bxe4 Nf6 10.Bg5 Bb4+ 11.Kf1 Qd7 12.Bxf6 gxf6 13.Nf3 Bc5 14.Nxd4 Bxd4 15.
Qd3 h6 16.Re1 Kf8 17.Qf3 Qa4 18.Qxf6 Qxc4+ 19.Kg1 Qb4 20.Re2 Kg8 21.h4 Qd6
22.Qf3 Kf8 23.Kh2 Ke7 24.g3 Raf8 25.Rd1 Kd8 26.Bf5 Rhg8 27.Qb3 Qf6 28.Qd3 
Qb6 29.Rdd2 f6 30.Bh3 Qd6 31.Qf5 Bb6 32.f4 Re8 33.fxe5 fxe5 34.Qc8+ Ke7 
1/2-1/2

[Event "XIX Corsicoscacchi Magistrale"]
[Site "Corsico ITA"]
[Date "1999.10.03"]
[Round "3"]
[White "Galli, Fabio"]
[Black "Lapiccirella, Mattia"]
[Result "0-1"]
[WhiteElo "2158"]
[BlackElo "2124"]
[PlyCount "92"]
[EventDate "1999.10.02"]

1.e4 c5 2.Nf3 Nc6 3.d4 cxd4 4.Nxd4 Nf6 5.Nc3 d6 6.Bc4 Qb6 7.Be3 Qxb2 8.
Ndb5 Qb4 9.Bd3 Qa5 10.Bd2 Qd8 11.a4 g6 12.O-O Bg7 13.f4 O-O 14.Rb1 e5 15.
Kh1 a6 16.Na3 Qc7 17.Nc4 exf4 18.Nb6 Rb8 19.Rxf4 Be6 20.g4 g5 21.Rf2 Bxg4 
22.Qg1 Ne5 23.Ncd5 Nxd5 24.Nxd5 Qd8 25.Qg3 f6 26.Rbf1 Be6 27.Ne3 d5 28.Kg1
Nxd3 29.cxd3 dxe4 30.dxe4 Qd4 31.h4 h6 32.hxg5 fxg5 33.Nf5 Bxf5 34.exf5 
Rbe8 35.Qb3+ Kh8 36.Kh1 Qh4+ 37.Rh2 Qe4+ 38.Qf3 Rxf5 39.Qxe4 Rxf1+ 40.Kg2 
Rxe4 41.Kxf1 Rxa4 42.Bxg5 Ra1+ 43.Ke2 Ra2+ 44.Bd2 Bc3 45.Rxh6+ Kg7 46.Rb6 
Rxd2+ 0-1

[Event "XIX Corsicoscacchi Magistrale"]
[Site "Corsico ITA"]
[Date "1999.10.03"]
[Round "3"]
[White "Leoni, Fabrizio"]
[Black "Mascheroni, Maurizio"]
[Result "1/2-1/2"]
[WhiteElo "1905"]
[BlackElo "2067"]
[PlyCount "70"]
[EventDate "1999.10.02"]

1.d4 Nf6 2.c4 e6 3.Nc3 Bb4 4.e3 O-O 5.Bd3 c5 6.Nf3 d6 7.O-O Bxc3 8.bxc3 
Re8 9.e4 e5 10.d5 Bg4 11.Bg5 h6 12.Be3 Nbd7 13.h3 Bh5 14.Kh1 Nh7 15.g4 Bg6
16.h4 Nhf6 17.Nd2 h5 18.f3 Nf8 19.Rg1 Qd7 20.Qe2 hxg4 21.fxg4 Bh5 22.Raf1 
Nxg4 23.Qg2 Ng6 24.Bg5 f6 25.Be2 fxg5 26.Bxg4 Bxg4 27.Qxg4 Qxg4 28.Rxg4 
Rf8 29.Rxg5 Rxf1+ 30.Nxf1 Ne7 31.Ng3 Rf8 32.Kg2 Rf4 33.Nh5 Rf7 34.Ng3 Rf4 
35.Nh5 Rf7 1/2-1/2

[Event "XIX Corsicoscacchi Magistrale"]
[Site "Corsico ITA"]
[Date "1999.10.03"]
[Round "3"]
[White "Murgia, Andrea"]
[Black "La Torre, Giovanni"]
[Result "1/2-1/2"]
[WhiteElo "2125"]
[BlackElo "1902"]
[PlyCount "49"]
[EventDate "1999.10.02"]

1.e4 e6 2.d4 d5 3.Nd2 f5 4.exf5 exf5 5.Ngf3 Nf6 6.Ne5 Bd6 7.Ndf3 O-O 8.Bg5
c6 9.Be2 Qb6 10.Bxf6 Rxf6 11.O-O Nd7 12.Qd2 Qc7 13.Nd3 Rh6 14.h3 Nf6 15.
Rae1 Ne4 16.Qc1 Be6 17.c3 Rf8 18.Nfe5 Qd8 19.f4 Qh4 20.Qe3 Bf7 21.Nxf7 
Rxf7 22.Bd1 Rff6 23.Ne5 Re6 24.Bc2 Rhf6 25.a3 1/2-1/2

[Event "XIX Corsicoscacchi Magistrale"]
[Site "Corsico ITA"]
[Date "1999.10.03"]
[Round "3"]
[White "Pace, Pietro Dario"]
[Black "Giretti Kanev, Jasen"]
[Result "0-1"]
[WhiteElo "1879"]
[BlackElo "2152"]
[PlyCount "62"]
[EventDate "1999.10.02"]

1.e4 c6 2.d4 d6 3.c3 Nf6 4.Bd3 e5 5.h3 Nbd7 6.Nf3 d5 7.dxe5 dxe4 8.exf6 
Nxf6 9.Bxe4 Qxd1+ 10.Kxd1 Nxe4 11.Re1 Bf5 12.Nh4 O-O-O+ 13.Kc2 Nd6+ 14.
Nxf5 Nxf5 15.Bg5 f6 16.Bf4 Bc5 17.g4 Nh4 18.Be3 Ng2 19.Re2 Rhe8 20.Nd2 
Bxe3 21.fxe3 Nxe3+ 22.Kb3 Re5 23.a4 Nc4 24.Nxc4 Rxe2 25.Rh1 Kc7 26.h4 b5 
27.axb5 cxb5 28.Na3 Kb6 29.Nc2 Rdd2 30.Nd4 Rxb2+ 31.Ka3 Ra2+ 0-1

[Event "XIX Corsicoscacchi Magistrale"]
[Site "Corsico ITA"]
[Date "1999.10.03"]
[Round "3"]
[White "Radice, Luca"]
[Black "Salami, Marco"]
[Result "0-1"]
[WhiteElo "2017"]
[BlackElo "2227"]
[PlyCount "144"]
[EventDate "1999.10.02"]

1.d4 Nc6 2.Nf3 d5 3.Bf4 Bg4 4.Nbd2 Nf6 5.e3 a6 6.c3 e6 7.Bd3 Bd6 8.h3 Bh5 
9.Qc2 Bg6 10.Ne5 Bxd3 11.Qxd3 Bxe5 12.dxe5 Nd7 13.Nf3 Nc5 14.Qe2 b5 15.Rd1
Ne4 16.Nd2 Nxd2 17.Rxd2 Na5 18.Qg4 Kf8 19.Bg5 f6 20.exf6 gxf6 21.Bh6+ Ke7 
22.Qb4+ c5 23.Qxc5+ Kf7 24.e4 Nc4 25.Re2 Ne5 26.O-O dxe4 27.Rxe4 Rg8 28.f4
Qd2 29.Qc7+ Qd7 30.Qc5 Qd2 31.Qc7+ Qd7 32.Qc5 Rac8 33.Qd4 Qxd4+ 34.Rxd4 
Nc6 35.Rd7+ Kg6 36.f5+ exf5 37.Bf4 Rg7 38.Rfd1 Rxd7 39.Rxd7 Na5 40.Bc1 Nc4
41.Kf2 Rc6 42.Rd3 Ne5 43.Rg3+ Kf7 44.Bh6 Ke6 45.Ke2 Nc4 46.b3 Nd6 47.Bd2 
Ne4 48.Rg7 h5 49.Rh7 Nxc3+ 50.Bxc3 Rxc3 51.Rxh5 Rc2+ 52.Kf3 Rxa2 53.Rh8 
Ra3 54.h4 Rxb3+ 55.Kf4 Rb4+ 56.Kg3 Kf7 57.h5 Kg7 58.Ra8 Ra4 59.Rb8 Kh6 60.
Rh8+ Kg5 61.h6 Kg6 62.h7 Kg7 63.Rf8 Kxh7 64.Rxf6 f4+ 65.Kf3 a5 66.Rb6 Rb4 
67.Kg4 a4 68.Kg5 a3 69.Rb7+ Kg8 70.Kg6 Kf8 71.Kf6 Ke8 72.Ra7 Ra4 0-1

[Event "XIX Corsicoscacchi Magistrale"]
[Site "Corsico ITA"]
[Date "1999.10.03"]
[Round "3"]
[White "Sbarra, Marco"]
[Black "Pace, Roberto"]
[Result "1-0"]
[WhiteElo "2294"]
[BlackElo "2050"]
[PlyCount "79"]
[EventDate "1999.10.02"]

1.d4 Nf6 2.c4 e6 3.Nc3 Bb4 4.e3 b6 5.Bd3 Bb7 6.Nf3 O-O 7.O-O d5 8.a3 Bd6 
9.cxd5 exd5 10.b4 c6 11.Bb2 Re8 12.Qc2 Nbd7 13.Nd2 c5 14.bxc5 bxc5 15.Nb5 
Bb8 16.dxc5 Ne5 17.Bxe5 Bxe5 18.Rab1 Bc8 19.Nf3 Bb8 20.c6 Re7 21.Rfc1 Ne8 
22.Bxh7+ Kf8 23.Bf5 Ba6 24.Nfd4 g6 25.Bh3 Nc7 26.Qc5 Kg8 27.Bd7 Re5 28.a4 
Rh5 29.g3 Kg7 30.Qc3 Kg8 31.Nd6 Qg5 32.Bc8 Bxc8 33.Nxc8 Qg4 34.Ne7+ Kh7 
35.Rb7 Qh3 36.Rcb1 Qxh2+ 37.Kf1 Qh1+ 38.Ke2 Qe4 39.Ng8 Na6 40.Nf6+ 1-0

[Event "XIX Corsicoscacchi Magistrale"]
[Site "Corsico ITA"]
[Date "1999.10.09"]
[Round "4"]
[White "Bonanno, Alessandro"]
[Black "Galli, Fabio"]
[Result "1-0"]
[WhiteElo "2041"]
[BlackElo "2158"]
[PlyCount "51"]
[EventDate "1999.10.02"]

1.e4 e5 2.f4 exf4 3.Nf3 d6 4.Bc4 Be6 5.Bxe6 fxe6 6.d4 g5 7.h4 g4 8.Ng5 h5 
9.Nxe6 Qe7 10.d5 Bg7 11.Nc3 Bf6 12.Bxf4 Bxh4+ 13.g3 Bf6 14.Qd2 Na6 15.Nb5 
Qd7 16.c4 Ne7 17.e5 dxe5 18.Bg5 Ng8 19.O-O Qe7 20.Bxf6 Nxf6 21.Rae1 Kd7 
22.Qg5 c6 23.dxc6+ bxc6 24.Rd1+ Kxe6 25.Rxf6+ Qxf6 26.Rd6+ 1-0

[Event "XIX Corsicoscacchi Magistrale"]
[Site "Corsico ITA"]
[Date "1999.10.09"]
[Round "4"]
[White "Cazzaniga, Walter"]
[Black "Natalucci, Fabrizio"]
[Result "1-0"]
[WhiteElo "2153"]
[BlackElo "2196"]
[PlyCount "81"]
[EventDate "1999.10.02"]

1.d4 d5 2.c4 e6 3.Nf3 f5 4.g3 Bd6 5.Bg2 Nf6 6.O-O O-O 7.Bf4 Bxf4 8.gxf4 c6
9.Nbd2 Bd7 10.Ne5 Be8 11.e3 Nbd7 12.Qc2 Ne4 13.Nxd7 Qxd7 14.Nf3 Qe7 15.Ne5
Rf6 16.f3 Nd6 17.Rf2 Rh6 18.Qb3 Kh8 19.Qa3 Bg6 20.Re1 Qd8 21.Qb3 Qe7 22.
Qa3 Qd8 23.Bf1 Nf7 24.cxd5 exd5 25.b4 a6 26.Qb3 Qh4 27.a4 Rg8 28.b5 axb5 
29.axb5 Nxe5 30.dxe5 Be8 31.bxc6 bxc6 32.Qc3 Re6 33.Ra1 g5 34.fxg5 Rxg5+ 
35.Rg2 f4 36.Ra4 Rgxe5 37.exf4 c5 38.fxe5 Qxa4 39.Qxc5 Qf4 40.Qxd5 Rxe5 
41.Qg8# 1-0

[Event "XIX Corsicoscacchi Magistrale"]
[Site "Corsico ITA"]
[Date "1999.10.09"]
[Round "4"]
[White "Everet, Alexandro"]
[Black "Barlocco, Carlo"]
[Result "1-0"]
[WhiteElo "2294"]
[BlackElo "2161"]
[PlyCount "135"]
[EventDate "1999.10.02"]

1.d4 d5 2.c4 Bf5 3.Nc3 e6 4.Qb3 Nc6 5.cxd5 exd5 6.Nf3 Nf6 7.Bg5 Bb4 8.e3 
O-O 9.Bb5 Bxc3+ 10.Qxc3 Ne4 11.Bxd8 Nxc3 12.Bxc6 Rfxd8 13.Bxb7 Rab8 14.
bxc3 Rxb7 15.Ne5 Rd6 16.g4 Be4 17.f3 Bc2 18.O-O h6 19.Rf2 Bh7 20.Rd1 f6 
21.Nd3 Bxd3 22.Rxd3 Rb1+ 23.Kg2 Rc1 24.e4 Rc6 25.exd5 R6xc3 26.Rxc3 Rxc3 
27.Rb2 Kf8 28.d6 cxd6 29.Rb8+ Ke7 30.Rb7+ Ke6 31.Rxa7 g5 32.Kf2 Rd3 33.Ra4
Kd5 34.Ke2 Rc3 35.h3 Rc1 36.Kd3 Rd1+ 37.Kc3 Rc1+ 38.Kb3 Re1 39.Ra5+ Kxd4 
40.Rf5 Re5 41.Kb4 d5 42.Kb5 Re6 43.a4 Ke3 44.Kc5 Ra6 45.Kxd5 Kf2 46.a5 
Rxa5+ 47.Ke6 Ra6+ 48.Kf7 Ra3 49.Rxf6 Kg3 50.Rxh6 Kxf3 51.Kg6 Kf4 52.Rh8 
Ra6+ 53.Kh5 Kg3 54.Kxg5 Ra5+ 55.Kh6 Kxh3 56.g5 Kg4 57.g6 Rh5+ 58.Kg7 Ra5 
59.Rh1 Kg5 60.Rg1+ Kf5 61.Kh6 Ra2 62.Rf1+ Ke6 63.g7 Rh2+ 64.Kg6 Rg2+ 65.
Kh7 Rh2+ 66.Kg8 Ra2 67.Rh1 Kf6 68.Kh7 1-0

[Event "XIX Corsicoscacchi Magistrale"]
[Site "Corsico ITA"]
[Date "1999.10.09"]
[Round "4"]
[White "Giordani, Marco"]
[Black "Leoni, Fabrizio"]
[Result "1/2-1/2"]
[WhiteElo "2016"]
[BlackElo "1905"]
[PlyCount "35"]
[EventDate "1999.10.02"]

1.d4 Nf6 2.c4 e6 3.Nf3 b6 4.e3 Bb7 5.Bd3 d5 6.Nbd2 Bd6 7.b3 Nbd7 8.Bb2 O-O
9.Ne5 Qe7 10.O-O Rac8 11.cxd5 exd5 12.Bf5 c5 13.Nxd7 Nxd7 14.dxc5 Rxc5 15.
Nf3 Ne5 16.Nxe5 Bxe5 17.Bxe5 Qxe5 18.Qd3 1/2-1/2